Peter Norton's introduction to computers. (Record no. 10875)
[ view plain ]
| 000 -LEADER | |
|---|---|
| fixed length control field | 00696cam a22002292 4500 |
| 001 - CONTROL NUMBER | |
| control field | 0000006138 |
| 005 - DATE AND TIME OF LATEST TRANSACTION | |
| control field | 20151217154357.0 |
| 008 - FIXED-LENGTH DATA ELEMENTS--GENERAL INFORMATION | |
| fixed length control field | 070920s xx 000 0 eng d |
| 020 ## - INTERNATIONAL STANDARD BOOK NUMBER | |
| International Standard Book Number | 0070593744 : |
| Terms of availability | KES 2,250 |
| 040 ## - CATALOGING SOURCE | |
| Original cataloging agency | KABU |
| Transcribing agency | KABU |
| 100 1# - MAIN ENTRY--PERSONAL NAME | |
| Personal name | Norton, Peter. |
| -- | 0000153923 |
| 245 10 - TITLE STATEMENT | |
| Title | Peter Norton's introduction to computers. |
| 250 ## - EDITION STATEMENT | |
| Edition statement | 6th ed. |
| 260 ## - PUBLICATION, DISTRIBUTION, ETC. (IMPRINT) | |
| Place of publication, distribution, etc. | New Delhi : |
| Name of publisher, distributor, etc. | Tata Mc Graw-Hill, |
| Date of publication, distribution, etc. | 2006. |
| 300 ## - PHYSICAL DESCRIPTION | |
| Extent | xxv, 609 p. |
| 650 #0 - SUBJECT ADDED ENTRY--TOPICAL TERM | |
| Topical term or geographic name as entry element | Computers. |
| -- | 0000153924 |
| 908 ## - PUT COMMAND PARAMETER (RLIN) | |
| Put command parameter | 070920 |
| 950 ## - LOCAL HOLDINGS (RLIN) | |
| -- | 1 |
| Withdrawn status | Lost status | Source of classification or shelving scheme | Not for loan | Home library | Current library | Date acquired | Total Checkouts | Total Renewals | Full call number | Barcode | Date last seen | Date last checked out | Price effective from | Koha item type |
|---|---|---|---|---|---|---|---|---|---|---|---|---|---|---|
| Library of Congress Classification | Kabarak, Main Campus | Kabarak, Main Campus | 17/12/2015 | 13 | 2 | QA76 .N67 2006 | 003209 | 02/03/2025 | 24/02/2025 | 17/12/2015 | General Collection | |||
| Library of Congress Classification | Kabarak, Main Campus | Kabarak, Main Campus | 17/12/2015 | 2 | QA76 .N67 2006 | 004977 | 25/10/2016 | 18/10/2016 | 17/12/2015 | General Collection | ||||
| Library of Congress Classification | Kabarak, Main Campus | Kabarak, Main Campus | 17/12/2015 | 19 | 1 | QA76 .N67 2006 | 003210 | 07/08/2025 | 24/07/2025 | 17/12/2015 | General Collection | |||
| Library of Congress Classification | Kabarak, Main Campus | Kabarak, Main Campus | 17/12/2015 | QA76 .N67 2006 c.3 | 027604 | 20/01/2020 | 17/12/2015 | General Collection |